Emile Nelligan

Guardado en:
Bibliografiske detaljer
Hovedforfatter: Wyczynski, Paul
Format: Bog
Udgivet: Ottawa, Canadá Fides 1967
Fag:
Tags: Tilføj Tag
Ingen Tags, Vær først til at tagge denne postø!

MARC

LEADER 00000nam a2200000Ia 4500
008 170316s9999 xx 000 0 fe d
040 |a cru BVZT 
090 |a 818 W-11e 
100 |a Wyczynski, Paul 
245 |a Emile Nelligan 
260 |a Ottawa, Canadá 
260 |b Fides 
260 |c 1967 
300 |a 191 páginas 
650 |a LITERATURA CANADIENSE 
999 |c 6677  |d 6677 
942 |c 15 D  |h 818 W-11e  |2 z